000 00416nam a2200181Ia 4500
001 4968
005 20260306145833.0
008 260306t2014||||xx |||||||||||||| ||spa||
041 _aESP
082 _a332.1
_bM65 2014
100 _aMishkin, Frederic S.
_eAUT
245 0 _aMoneda, banca y mercados financieros
260 _c2014
300 _a
_c
650 _aGEN
654 _aCAN
942 _cLIB
_dJUS
_fJUS
_2ddc
_n
999 _c4968
_d4968